书目信息 |
| 题名: |
读美国
|
|
| 作者: | 张晓博 主编 | |
| 分册: | ||
| 出版信息: | 北京 新华出版社 2003.08 |
|
| 页数: | 159页 | |
| 开本: | 26cm | |
| 丛书名: | ||
| 单 册: | ||
| 中图分类: | K971.2 | |
| 科图分类: | ||
| 主题词: | 地理 | |
| 电子资源: | ||
| ISBN: | 7-5011-6255-7 | |
| 000 | 00570nam0 2200205 450 | |
| 001 | 0766051221 | |
| 005 | 20071215182132.20 | |
| 010 | @a7-5011-6255-7@dCNY12.00 | |
| 100 | @a20071215d2003 km y0chiy0120 ea | |
| 101 | 0 | @achi |
| 102 | @aCN@b110000 | |
| 200 | 1 | @a读美国@Adu mei guo@f张晓博主编@Fzhang xiao bo zhu bian |
| 210 | @a北京@c新华出版社@d2003.08 | |
| 215 | @a159页@d26cm | |
| 606 | 0 | @a地理 |
| 690 | @aK971.2@v4 | |
| 701 | 0 | @a张晓博@Azhang xiao bo@4主编 |
| 801 | 0 | @aCN@b大连网信软件有限公司图书馆@c20071215 |
| 905 | @aBZT@dK971.2@e4 | |
| 906 | @dCNY12.00@n0@r1 | |
| 读美国/张晓博主编.-北京:新华出版社,2003.08 |
| 159页;26cm |
| ISBN 7-5011-6255-7:CNY12.00 |
| ● |
| 相关链接 |
|
|
|
正题名:读美国
索取号:K971.2/4
 
预约/预借
| 序号 | 登录号 | 条形码 | 馆藏地/架位号 | 状态 | 备注 |
| 1 | 612810 | 2000612810 | 中心书库南/015架B面3层8列/ [索取号:K971.2/4] | 在馆 | |
| 2 | 612811 | 2000612811 | 中心书库南/015架B面3层8列/ [索取号:K971.2/4] | 在馆 | |
| 3 | 612812 | 2000612812 | 中心书库南/015架B面3层8列/ [索取号:K971.2/4] | 在馆 | |
| 4 | 612813 | 2000612813 | 中心书库南/015架B面3层8列/ [索取号:K971.2/4] | 在馆 | |
| 5 | 612814 | 2000612814 | 中心书库南/015架B面3层8列/ [索取号:K971.2/4] | 在馆 |